| 000 | 00478nam a2200169 a 4500 | ||
|---|---|---|---|
| 001 | 3293 | ||
| 003 | CDMR | ||
| 005 | 20130320104855.0 | ||
| 008 | 130130s1996||||||||||||||||||||||||||||d | ||
| 020 | _a8489727074 | ||
| 040 |
_aCDMR _bcat _cCPC LLEIDA |
||
| 245 | 0 | 0 |
_aRacismo, etnicidad y educación intercultural _cCarlota Solé, editora |
| 260 |
_aLleida _c1996 _bUniversitat de Lleida |
||
| 490 | 0 | _aEducació i Món actual | |
| 700 | 1 |
_9725 _aSolé, Carlota _eed. |
|
| 942 |
_cMON _2udc |
||
| 999 |
_c3293 _d3293 |
||